| 000 | 00431nam a2200157 i 4500 | ||
|---|---|---|---|
| 001 | 102192 | ||
| 003 | ES-MaACL | ||
| 005 | 20230906183047.0 | ||
| 007 | t| | ||
| 008 | 051107s1966 sp ||||1| spa d | ||
| 100 | 1 |
_aMendizábal, Federico de. _980208 |
|
| 245 | 1 | 4 |
_aLos piqueros de Bailén / _cFederico de Mendizabal. |
| 260 |
_aMadrid : _bGesta, _c1966. |
||
| 300 |
_a203 p. ; _c18 cm. |
||
| 852 |
_aES-MaACL _jC-31195 _bR.61538 |
||
| 999 |
_c102192 _d102192 |
||